Statistics for Paris SG Squad 2017-2018

Click here to take the quiz!

General Stats

  • This quiz has been taken 79 times
  • The average score is 18 of 25

Answer Stats

NbrPostNationalityPlayer% Correct
10FWBrazilNeymar
99%
9FWUruguayEdinson Cavani
99%
11MFArgentinaAngel Di Maria
99%
2DFBrazilThiago Silva
96%
1GKGermanyKevin Trapp
91%
6MFItalyMarco Verratti
91%
16GKFranceAlphonse Aréola
85%
5DFBrazilMarquinhos
84%
32DFBrazilDani Alves
82%
27MFArgentinaJavier Pastore
82%
23MFGermanyJulian Draxler
82%
25MFFranceAdrien Rabiot
81%
12DFBelgiumThomas Meunier
81%
3DFFrancePresnel Kimpembe
79%
8MFItalyThiago Motta
78%
29FWFranceKylian Mbappé
75%
20DFFranceLayvin Kurzawa
73%
-CoachSpainUnai Emery
72%
7MFBrazilLucas
72%
18MFArgentinaGiovani Lo Celso
58%
17DFSpainYuri Berchiche
40%
24MFFranceChristopher Nkunku
39%
21MFFranceHatem Ben Arfa
36%
40GKFranceRémy Descamps
18%
31DFFranceAlec Georgen
10%

Score Distribution

Percentile by Number Answered

Percent of People with Each Score

Your Score History

You have not taken this quiz